| 000 | 01356nam a22002537a 4500 | ||
|---|---|---|---|
| 001 | 8843 | ||
| 003 | FISKH | ||
| 005 | 20251023085408.0 | ||
| 008 | 251023b cb ||||| |||| 00| 0 eng d | ||
| 020 | _a9780545443296 | ||
| 040 |
_aFISKH _beng _cFISKH _dFISKH |
||
| 050 | _aPN6728.B49 | ||
| 082 | _a741.5 | ||
| 100 | _aPeirce, Lincoln | ||
| 245 |
_aI smell a pop quiz ! : _bA big nate book / _cby Lincoln Peirce |
||
| 250 | _aFirst Scholastic printing , January 2012 | ||
| 260 |
_aNew York : _bScholastic , _c2008. |
||
| 300 |
_a126 pages : _billustrations ; _c20 X 20 cm . |
||
| 490 | _aBig Nate | ||
| 520 | _aComic and Graphic Books. Juvenile Fiction. Humor (Fiction.) HTML:Soon to be an animated series with Paramount+ and Nickelodeon! Nate Wright has a nose (and a penchant) for trouble. So he's not one to be surprised by a pop quiz popping up. Aspiring cartoonist Nate Wright is the star of Big Nate, the daily and Sunday comic strip and a favorite middle-grade book character. Nate is 11 years old, four-and-a-half feet tall, and the all-time record holder for detentions in school history. He's a self-described genius and sixth grade Renaissance Man. Nate, who lives with his dad and older sister, enjoys pestering his family and teachers with his sarcasm. | ||
| 650 | _aCartoons and comics | ||
| 942 |
_2ddc _cBK _n0 |
||
| 999 |
_c8843 _d8843 |
||